Normal view
MARC view
Entry Personal Name
001 - CONTROL NUMBER
- control field: 302748
003 - CONTROL NUMBER IDENTIFIER
- control field: OSt
005 - DATE AND TIME OF LATEST TRANSACTION
- control field: 20220926000544.0
008 - FIXED-LENGTH DATA ELEMENTS
- fixed length control field: 220926|| aca||aabn | a|a d
040 ## - CATALOGING SOURCE
- Original cataloging agency: OSt
- Transcribing agency: OSt
100 ## - HEADING--PERSONAL NAME
- Personal name: Indian Institute of Foreign Trad
670 ## - SOURCE DATA FOUND
- Source citation: Work cat.: (OSt)599266: Indian Institute of Foreign Trad 302747, Role of state small industries and export corporat, 1978
